{"text_format":"3","workbook":"xlsx","n_sheets":8,"sheets":["扉-2 招标控制价扉页","表-04 单位工程招标控制价汇总表","表-08 分部分项工程和单价措施项目清单与计价表","表-11 总价措施项目清单与计价表","表-13 规费、税金项目清单与计价表","蒙-8 分部分项工程量清单综合单价分析表（带子目）","蒙-12 单位工程人材机价差表","蒙-5 未计价主材汇总表"],"read":"whole","date_system":"1900"}

{"sheet":"扉-2 招标控制价扉页","index":0,"n_rows":16,"n_cols":8,"rows_kept":16,"merged":[[0,0,0,1],[0,2,0,6],[1,0,1,1],[1,2,1,6],[2,1,2,2],[2,3,2,7],[3,1,3,2],[3,3,3,7],[4,1,4,2],[4,6,4,7],[5,1,5,3],[5,6,5,7],[6,1,6,3],[6,6,6,7],[7,1,7,2],[7,6,7,7],[8,1,8,3],[8,6,8,7],[9,1,9,3],[9,6,9,7],[10,1,10,2],[10,6,10,7],[11,1,11,3],[11,6,11,7],[12,1,12,3],[12,6,12,7],[13,1,13,2],[13,6,13,7],[14,1,14,3],[14,6,14,7],[15,0,15,1],[15,2,15,6]]}
[null,null,"鄂尔多斯市东胜区植物园零星工程",{"$nulls":4},"工程"]
[null,null,"招标控制价"]
["招标控制价 ","（小写）：",null,"81863"]
[null,"（大写）：",null,"捌万壹仟捌佰陆拾叁元整"]
[]
["招  标  人：",{"$nulls":4},"造价咨询人："]
[null,"(单位盖章)",{"$nulls":4},"(单位资质专用章)"]
[]
["法定代理人\n或其授权人：",{"$nulls":4},"法定代理人\n或其授权人："]
[null,"(签字或盖章)",{"$nulls":4},"(签字或盖章)"]
[]
["编  制  人：",{"$nulls":4},"复  核  人："]
[null,"(造价人员签字盖专用章)",{"$nulls":4},"(造价工程师签字盖专用章)"]
[]
["编 制 时 间：","    年   月   日",{"$nulls":3},"复 核 时 间：","    年   月   日"]
[{"$nulls":7},"扉—2"]

{"sheet":"表-04 单位工程招标控制价汇总表","index":1,"n_rows":37,"n_cols":6,"rows_kept":37,"merged":[[0,0,0,3],[0,4,0,5],[1,0,1,5],[2,0,2,1],[2,2,2,3],[2,4,2,5],[3,1,3,2],[3,3,3,4],[4,1,4,2],[4,3,4,4],[5,1,5,2],[5,3,5,4],[6,1,6,2],[6,3,6,4],[7,1,7,2],[7,3,7,4],[8,1,8,2],[8,3,8,4],[9,1,9,2],[9,3,9,4],[10,1,10,2],[10,3,10,4],[11,1,11,2],[11,3,11,4],[12,1,12,2],[12,3,12,4],[13,1,13,2],[13,3,13,4],[14,1,14,2],[14,3,14,4],[15,1,15,2],[15,3,15,4],[16,1,16,2],[16,3,16,4],[17,1,17,2],[17,3,17,4],[18,1,18,2],[18,3,18,4],[19,1,19,2],[19,3,19,4],[20,1,20,2],[20,3,20,4],[21,1,21,2],[21,3,21,4],[22,1,22,2],[22,3,22,4],[23,1,23,2],[23,3,23,4],[24,1,24,2],[24,3,24,4],[25,1,25,2],[25,3,25,4],[26,1,26,2],[26,3,26,4],[27,1,27,2],[27,3,27,4],[28,1,28,2],[28,3,28,4],[29,1,29,2],[29,3,29,4],[30,1,30,2],[30,3,30,4],[31,1,31,2],[31,3,31,4],[32,1,32,2],[32,3,32,4],[33,1,33,2],[33,3,33,4],[34,0,34,2],[34,3,34,4],[35,0,35,5],[36,0,36,1],[36,2,36,3],[36,4,36,5]]}
[]
["单位工程招标控制价汇总表"]
["工程名称：鄂尔多斯市东胜区植物园零星工程",null,"  标段：鄂尔多斯市东胜区植物园零星工程",null,"第  1  页  共  1  页"]
["序号","汇总内容",null,"金额(元)",null,"其中：暂估价（元）"]
["1","分部分项工程",null,"71018.32",null,"0"]
["2","措施项目",null,"876.4"]
["2.1","  其中：安全文明施工费",null,661.44]
["3","其他项目"]
["3.1","  其中：暂列金额"]
["3.2","  其中：专业工程暂估价"]
["3.3","  其中：计日工"]
["3.4","  其中：总承包服务费"]
["4","规费",null,3208.84]
["5","税金",null,6759.32]
{"$rows_empty":20}
["招标控制价合计=1+2+3+4+5",null,null,"81,862.88",null,"0"]
["注：本表适用于单位工程招标控制价或投标报价的汇总，如无单位工程划分，单项工程也使用本表汇总"]
[{"$nulls":4},"表—04"]

{"sheet":"表-08 分部分项工程和单价措施项目清单与计价表","index":2,"n_rows":43,"n_cols":14,"rows_kept":43,"merged":[[0,0,0,10],[0,11,0,13],[1,0,1,13],[2,0,2,5],[2,6,2,10],[2,11,2,13],[3,0,5,0],[3,1,5,2],[3,3,5,4],[3,5,5,6],[3,7,5,7],[3,8,5,9],[3,10,3,13],[4,10,5,11],[4,12,5,12],[6,1,6,2],[6,3,6,4],[6,5,6,6],[6,8,6,9],[6,10,6,11],[7,1,7,2],[7,3,7,4],[7,5,7,6],[7,8,7,9],[7,10,7,11],[8,1,8,2],[8,3,8,4],[8,5,8,6],[8,8,8,9],[8,10,8,11],[9,1,9,2],[9,3,9,4],[9,5,9,6],[9,8,9,9],[9,10,9,11],[10,1,10,2],[10,3,10,4],[10,5,10,6],[10,8,10,9],[10,10,10,11],[11,1,11,2],[11,3,11,4],[11,5,11,6],[11,8,11,9],[11,10,11,11],[12,1,12,2],[12,3,12,4],[12,5,12,6],[12,8,12,9],[12,10,12,11],[13,1,13,2],[13,3,13,4],[13,5,13,6],[13,8,13,9],[13,10,13,11],[14,1,14,2],[14,3,14,4],[14,5,14,6],[14,8,14,9],[14,10,14,11],[15,1,15,2],[15,3,15,4],[15,5,15,6],[15,8,15,9],[15,10,15,11],[16,1,16,2],[16,3,16,4],[16,5,16,6],[16,8,16,9],[16,10,16,11],[17,1,17,2],[17,3,17,4],[17,5,17,6],[17,8,17,9],[17,10,17,11],[18,1,18,2],[18,3,18,4],[18,5,18,6],[18,8,18,9],[18,10,18,11],[19,1,19,2],[19,3,19,4],[19,5,19,6],[19,8,19,9],[19,10,19,11],[20,1,20,2],[20,3,20,4],[20,5,20,6],[20,8,20,9],[20,10,20,11],[21,1,21,2],[21,3,21,4],[21,5,21,6],[21,8,21,9],[21,10,21,11],[22,1,22,2],[22,3,22,4],[22,5,22,6],[22,8,22,9],[22,10,22,11],[23,1,23,2],[23,3,23,4],[23,5,23,6],[23,8,23,9],[23,10,23,11],[24,1,24,2],[24,3,24,4],[24,5,24,6],[24,8,24,9],[24,10,24,11],[25,1,25,2],[25,3,25,4],[25,5,25,6],[25,8,25,9],[25,10,25,11],[26,1,26,2],[26,3,26,4],[26,5,26,6],[26,8,26,9],[26,10,26,11],[27,1,27,2],[27,3,27,4],[27,5,27,6],[27,8,27,9],[27,10,27,11],[28,1,28,2],[28,3,28,4],[28,5,28,6],[28,8,28,9],[28,10,28,11],[29,1,29,2],[29,3,29,4],[29,5,29,6],[29,8,29,9],[29,10,29,11],[30,1,30,2],[30,3,30,4],[30,5,30,6],[30,8,30,9],[30,10,30,11],[31,1,31,2],[31,3,31,4],[31,5,31,6],[31,8,31,9],[31,10,31,11],[32,1,32,2],[32,3,32,4],[32,5,32,6],[32,8,32,9],[32,10,32,11],[33,1,33,2],[33,3,33,4],[33,5,33,6],[33,8,33,9],[33,10,33,11],[34,1,34,2],[34,3,34,4],[34,5,34,6],[34,8,34,9],[34,10,34,11],[35,1,35,2],[35,3,35,4],[35,5,35,6],[35,8,35,9],[35,10,35,11],[36,1,36,2],[36,3,36,4],[36,5,36,6],[36,8,36,9],[36,10,36,11],[37,1,37,2],[37,3,37,4],[37,5,37,6],[37,8,37,9],[37,10,37,11],[38,1,38,2],[38,3,38,4],[38,5,38,6],[38,8,38,9],[38,10,38,11],[39,0,39,11],[40,0,40,11],[41,0,41,13],[42,0,42,1],[42,2,42,3],[42,4,42,5],[42,6,42,8],[42,9,42,10],[42,11,42,13]]}
[]
["分部分项工程和单价措施项目清单与计价表"]
["工程名称：鄂尔多斯市东胜区植物园零星工程",{"$nulls":5},"标段：鄂尔多斯市东胜区植物园零星工程",{"$nulls":4},"第  1  页  共  1  页"]
["序号","项目编码",null,"项目名称",null,"项目特征描述",null,"计量单位","工程量",null,"金额（元）"]
[{"$nulls":10},"综合单价",null,"合价","其中"]
[{"$nulls":13},"暂估价"]
[{"$nulls":3},"整个项目"]
[1,"04B003",null,"拆除游乐场儿童游乐设施",null,"1.人工拆除游乐场儿童游乐设施",null,"工日",15,null,196.04,null,2940.6]
[2,"010103002001",null,"余方弃置",null,"儿童游乐设施搬运，25t汽车式起重机及自卸汽车各1个台班",null,"台班",1,null,1749.17,null,1749.17]
[3,"010101001001",null,"平整场地",null,"机械场地平整",null,"m2",5276.1,null,1.29,null,6806.17]
[4,"011104002001",null,"竹、木（复合）地板",null,"镀锌方钢龙骨支座\n2.5cm厚防腐木面层",null,"m2",296.5,null,200.75,null,59522.38]
[{"$nulls":3},"分部小计",{"$nulls":8},71018.32]
[{"$nulls":3},"措施项目"]
{"$rows_empty":26}
["本页小计",{"$nulls":11},71018.32]
["合   计",{"$nulls":11},71018.32]
["注：为计取规费等的使用，可在表中增设其中：“定额人工费”"]
[{"$nulls":11},"表—08"]

{"sheet":"表-11 总价措施项目清单与计价表","index":3,"n_rows":31,"n_cols":14,"rows_kept":31,"merged":[[0,0,0,10],[0,11,0,13],[1,0,1,13],[2,0,2,4],[2,5,2,10],[2,11,2,13],[3,1,3,2],[3,3,3,5],[3,8,3,9],[3,10,3,11],[4,1,4,2],[4,3,4,5],[4,8,4,9],[4,10,4,11],[5,1,5,2],[5,3,5,5],[5,8,5,9],[5,10,5,11],[6,1,6,2],[6,3,6,5],[6,8,6,9],[6,10,6,11],[7,1,7,2],[7,3,7,5],[7,8,7,9],[7,10,7,11],[8,1,8,2],[8,3,8,5],[8,8,8,9],[8,10,8,11],[9,1,9,2],[9,3,9,5],[9,8,9,9],[9,10,9,11],[10,1,10,2],[10,3,10,5],[10,8,10,9],[10,10,10,11],[11,1,11,2],[11,3,11,5],[11,8,11,9],[11,10,11,11],[12,1,12,2],[12,3,12,5],[12,8,12,9],[12,10,12,11],[13,1,13,2],[13,3,13,5],[13,8,13,9],[13,10,13,11],[14,1,14,2],[14,3,14,5],[14,8,14,9],[14,10,14,11],[15,1,15,2],[15,3,15,5],[15,8,15,9],[15,10,15,11],[16,1,16,2],[16,3,16,5],[16,8,16,9],[16,10,16,11],[17,1,17,2],[17,3,17,5],[17,8,17,9],[17,10,17,11],[18,1,18,2],[18,3,18,5],[18,8,18,9],[18,10,18,11],[19,1,19,2],[19,3,19,5],[19,8,19,9],[19,10,19,11],[20,1,20,2],[20,3,20,5],[20,8,20,9],[20,10,20,11],[21,1,21,2],[21,3,21,5],[21,8,21,9],[21,10,21,11],[22,1,22,2],[22,3,22,5],[22,8,22,9],[22,10,22,11],[23,1,23,2],[23,3,23,5],[23,8,23,9],[23,10,23,11],[24,1,24,2],[24,3,24,5],[24,8,24,9],[24,10,24,11],[25,1,25,2],[25,3,25,5],[25,8,25,9],[25,10,25,11],[26,1,26,2],[26,3,26,5],[26,8,26,9],[26,10,26,11],[27,0,27,7],[27,8,27,9],[27,10,27,11],[28,0,28,3],[28,5,28,8],[28,9,28,13],[29,0,29,13],[30,0,30,1],[30,2,30,3],[30,5,30,8],[30,9,30,10],[30,11,30,13]]}
[]
["总价措施项目清单与计价表"]
["工程名称：鄂尔多斯市东胜区植物园零星工程",{"$nulls":4},"标段：鄂尔多斯市东胜区植物园零星工程",{"$nulls":5},"第  1  页  共  1  页"]
["序号","项目编码",null,"项目名称",null,null,"计算基础","费率(%)","金额(元)",null,"调整费率(%)",null,"调整后金额(元)","备注"]
["1","050405001",null,"安全文明施工费",{"$nulls":4},661.44]
["1.1","050405001001",null,"安全文明施工与环境保护费",null,null,"分部分项人工费+技术措施项目人工费","2",330.72]
["1.2","050405001002",null,"临时设施费",null,null,"分部分项人工费+技术措施项目人工费","2",330.72]
["2","050405005001",null,"雨季施工增加费",null,null,"分部分项人工费+技术措施项目人工费","0.5",82.67]
["3","050405007001",null,"已完工程及设备保护费",null,null,"分部分项人工费+技术措施项目人工费","0.6",99.21]
["4","05B001",null,"工程定位复测费",null,null,"分部分项人工费+技术措施项目人工费","0.1",16.54]
["5","050405004001",null,"二次搬运费",null,null,"分部分项人工费+技术措施项目人工费","0.1",16.54]
{"$rows_empty":16}
["合    计",{"$nulls":7},876.4]
["编制人（造价人员）：",{"$nulls":8},"复核人（造价工程师）："]
["注：1.“计算基础”中安全文明施工费可为“定额基价”、“定额人工费”或“定额人工费+定额机械费”，其他项目可为“定额人工费”或“定额人工费+定额机械费”。\n    2.按施工方案计算的措施费，若无“计算基础”和“费率”的数值，也可只填“金额”数值，但应在备注栏说明施工方案出处或计算方法。"]
[{"$nulls":11},"表-11"]

{"sheet":"表-13 规费、税金项目清单与计价表","index":4,"n_rows":32,"n_cols":11,"rows_kept":32,"merged":[[0,0,0,7],[0,8,0,10],[1,0,1,10],[2,0,2,3],[2,4,2,7],[2,8,2,10],[3,1,3,4],[3,5,3,6],[3,7,3,8],[4,1,4,4],[4,5,4,6],[4,7,4,8],[5,1,5,4],[5,5,5,6],[5,7,5,8],[6,1,6,4],[6,5,6,6],[6,7,6,8],[7,1,7,4],[7,5,7,6],[7,7,7,8],[8,1,8,4],[8,5,8,6],[8,7,8,8],[9,1,9,4],[9,5,9,6],[9,7,9,8],[10,1,10,4],[10,5,10,6],[10,7,10,8],[11,1,11,4],[11,5,11,6],[11,7,11,8],[12,1,12,4],[12,5,12,6],[12,7,12,8],[13,1,13,4],[13,5,13,6],[13,7,13,8],[14,1,14,4],[14,5,14,6],[14,7,14,8],[15,1,15,4],[15,5,15,6],[15,7,15,8],[16,1,16,4],[16,5,16,6],[16,7,16,8],[17,1,17,4],[17,5,17,6],[17,7,17,8],[18,1,18,4],[18,5,18,6],[18,7,18,8],[19,1,19,4],[19,5,19,6],[19,7,19,8],[20,1,20,4],[20,5,20,6],[20,7,20,8],[21,1,21,4],[21,5,21,6],[21,7,21,8],[22,1,22,4],[22,5,22,6],[22,7,22,8],[23,1,23,4],[23,5,23,6],[23,7,23,8],[24,1,24,4],[24,5,24,6],[24,7,24,8],[25,1,25,4],[25,5,25,6],[25,7,25,8],[26,1,26,4],[26,5,26,6],[26,7,26,8],[27,1,27,4],[27,5,27,6],[27,7,27,8],[28,1,28,4],[28,5,28,6],[28,7,28,8],[29,0,29,9],[30,0,30,3],[30,4,30,5],[30,6,30,10],[31,0,31,1],[31,4,31,5],[31,6,31,7],[31,8,31,10]]}
[]
["规费、税金项目计价表"]
["工程名称：鄂尔多斯市东胜区植物园零星工程",{"$nulls":3},"标段：鄂尔多斯市东胜区植物园零星工程",{"$nulls":3},"第  1  页  共  1  页"]
["序号","项目名称",{"$nulls":3},"计算基础",null,"计算基数",null,"计算费率(%)","金额（元）"]
["1","规费",{"$nulls":3},"社会保险费+住房公积金+水利建设基金+环境保护税",null,3208.84,null,null,3208.84]
["1.1","社会保险费",{"$nulls":3},"养老失业保险+基本医疗保险+工伤保险+生育保险",null,2516.41,null,null,2516.41]
["(1)","养老失业保险",{"$nulls":3},"分部分项人工费+组织措施项目人工费+技术措施项目人工费+分部分项人工费调整+技术措施项目人工费调整",null,16888.66,null,"10.5",1773.31]
["(2)","基本医疗保险",{"$nulls":3},"分部分项人工费+组织措施项目人工费+技术措施项目人工费+分部分项人工费调整+技术措施项目人工费调整",null,16888.66,null,"3.7",624.88]
["(3)","工伤保险",{"$nulls":3},"分部分项人工费+组织措施项目人工费+技术措施项目人工费+分部分项人工费调整+技术措施项目人工费调整",null,16888.66,null,"0.4",67.55]
["(4)","生育保险",{"$nulls":3},"分部分项人工费+组织措施项目人工费+技术措施项目人工费+分部分项人工费调整+技术措施项目人工费调整",null,16888.66,null,"0.3",50.67]
["1.2","住房公积金",{"$nulls":3},"分部分项人工费+组织措施项目人工费+技术措施项目人工费+分部分项人工费调整+技术措施项目人工费调整",null,16888.66,null,"3.7",624.88]
["1.3","水利建设基金",{"$nulls":3},"分部分项人工费+组织措施项目人工费+技术措施项目人工费+分部分项人工费调整+技术措施项目人工费调整",null,16888.66,null,"0.4",67.55]
["1.4","环境保护税"]
["2","税金",{"$nulls":3},"税前工程造价",null,75103.56,null,"9",6759.32]
{"$rows_empty":15}
["合    计",{"$nulls":9},9968.16]
["编制人（造价人员）：",{"$nulls":5},"复核人（造价工程师）："]
[{"$nulls":8},"表-13"]

{"sheet":"蒙-8 分部分项工程量清单综合单价分析表（带子目）","index":5,"n_rows":23,"n_cols":14,"rows_kept":23,"merged":[[0,0,0,13],[1,0,1,4],[1,5,1,8],[1,9,1,13],[2,0,3,0],[2,1,3,1],[2,2,3,2],[2,3,3,3],[2,4,3,5],[2,6,3,6],[2,7,3,7],[2,8,2,13],[3,8,3,9],[4,0,4,0],[4,1,4,1],[4,2,4,2],[4,4,4,5],[4,6,4,6],[4,8,4,9],[5,0,5,0],[5,2,5,2],[5,4,5,5],[5,6,5,6],[5,7,5,7],[5,8,5,9],[6,0,6,0],[6,1,6,1],[6,2,6,2],[6,4,6,5],[6,6,6,6],[6,8,6,9],[7,0,7,0],[7,2,7,2],[7,4,7,5],[7,6,7,6],[7,7,7,7],[7,8,7,9],[8,0,8,0],[8,2,8,2],[8,4,8,5],[8,6,8,6],[8,7,8,7],[8,8,8,9],[9,0,9,0],[9,1,9,1],[9,2,9,2],[9,4,9,5],[9,6,9,6],[9,8,9,9],[10,0,10,0],[10,2,10,2],[10,4,10,5],[10,6,10,6],[10,7,10,7],[10,8,10,9],[11,0,11,0],[11,1,11,1],[11,2,11,2],[11,4,11,5],[11,6,11,6],[11,8,11,9],[12,0,12,0],[12,2,12,2],[12,4,12,5],[12,6,12,6],[12,7,12,7],[12,8,12,9],[13,0,13,0],[13,2,13,2],[13,4,13,5],[13,6,13,6],[13,7,13,7],[13,8,13,9],[14,0,14,0],[14,2,14,2],[14,4,14,5],[14,6,14,6],[14,7,14,7],[14,8,14,9],[15,0,15,0],[15,2,15,2],[15,4,15,5],[15,6,15,6],[15,7,15,7],[15,8,15,9],[16,0,16,0],[16,2,16,2],[16,4,16,5],[16,6,16,6],[16,7,16,7],[16,8,16,9],[17,0,17,0],[17,2,17,2],[17,4,17,5],[17,6,17,6],[17,7,17,7],[17,8,17,9],[18,0,18,0],[18,2,18,2],[18,4,18,5],[18,6,18,6],[18,7,18,7],[18,8,18,9],[19,0,19,0],[19,2,19,2],[19,4,19,5],[19,6,19,6],[19,7,19,7],[19,8,19,9],[20,0,20,0],[20,2,20,2],[20,4,20,5],[20,6,20,6],[20,7,20,7],[20,8,20,9],[21,0,21,0],[21,2,21,2],[21,4,21,5],[21,6,21,6],[21,7,21,7],[21,8,21,9],[22,4,22,5],[22,8,22,9]]}
["分部分项工程量清单综合单价分析表"]
["工程名称:鄂尔多斯市东胜区植物园零星工程",{"$nulls":4},"专业：第二册 道路工程",{"$nulls":3},"第1页 共1页"]
["顺序号","项目编号(定额编号)","项目名称","单位","数量",null,"综合单价(元)","综合合价(元)","综合单价"]
[{"$nulls":8},"人工费",null,"材料费","机械费","管理费","利润"]
[1,"04B003","拆除游乐场儿童游乐设施","工日",15,null,196.04,2940.6,107.82,{"$nulls":3},44.11,44.11]
[null,"R00001","综合工日","工日",15,null,196.04,2940.6,107.82,{"$nulls":3},44.11,44.11]
[2,"010103002001","余方弃置","台班",1,null,1749.17,1749.17,{"$nulls":3},1749.17]
[null,"990304024","汽车式起重机","台班",1,null,1101.13,1101.13,{"$nulls":3},1101.13]
[null,"990402025","自卸汽车","台班",1,null,648.04,648.04,{"$nulls":3},648.04]
[3,"010101001001","平整场地","m2",5276.1,null,1.29,6806.17,0.08,null,null,1.2,0.01,0.01]
[null,"借1-122","机械场地平整","m2",5276.1,null,1.29,6819.36,0.08,null,null,1.2,0.01,0.01]
[4,"011104002001","竹、木（复合）地板","m2",296.5,null,200.75,59522.38,49.44,null,130.41,4.72,8.99,7.19]
[null,"借6-21 换","金属结构制作 钢檩条 圆(方)钢管","t",2.552,null,6646.18,16961.05,591.98,null,5605.47,254.99,107.63,86.11]
[null,"借6-75","金属结构安装 钢檩条","t",2.552,null,656.53,1675.46,215.04,null,161.06,210.05,39.1,31.28]
[null,"借6-42 换","金属构件运输 二类构件 运距 5km \u007f实际运距(km):1","t",2.552,null,51.77,132.11,9.39,null,6.87,32.43,1.71,1.37]
[null,"借414 换","木园桥、木栈道、木平台制作安装 板厚4cm","m2",296.5,null,137.45,40754.22,42.42,null,80.72,0.44,7.71,6.17]
[]
[]
[]
[]
[]
[]
[null,"合计",{"$nulls":5},71018.32]

{"sheet":"蒙-12 单位工程人材机价差表","index":6,"n_rows":40,"n_cols":11,"rows_kept":40,"merged":[[0,0,0,10],[1,0,1,4],[1,5,1,7],[1,8,1,10],[2,4,2,5],[2,7,2,8],[3,4,3,5],[3,7,3,8],[4,4,4,5],[4,7,4,8],[5,4,5,5],[5,7,5,8],[6,4,6,5],[6,7,6,8],[7,4,7,5],[7,7,7,8],[8,4,8,5],[8,7,8,8],[9,4,9,5],[9,7,9,8],[10,4,10,5],[10,7,10,8],[11,4,11,5],[11,7,11,8],[12,4,12,5],[12,7,12,8],[13,4,13,5],[13,7,13,8],[14,4,14,5],[14,7,14,8],[15,4,15,5],[15,7,15,8],[16,4,16,5],[16,7,16,8],[17,4,17,5],[17,7,17,8],[18,4,18,5],[18,7,18,8],[19,4,19,5],[19,7,19,8],[20,4,20,5],[20,7,20,8],[21,4,21,5],[21,7,21,8],[22,4,22,5],[22,7,22,8],[23,4,23,5],[23,7,23,8],[24,4,24,5],[24,7,24,8],[25,4,25,5],[25,7,25,8],[26,4,26,5],[26,7,26,8],[27,4,27,5],[27,7,27,8],[28,4,28,5],[28,7,28,8],[29,4,29,5],[29,7,29,8],[30,4,30,5],[30,7,30,8],[31,4,31,5],[31,7,31,8],[32,4,32,5],[32,7,32,8],[33,4,33,5],[33,7,33,8],[34,4,34,5],[34,7,34,8],[35,4,35,5],[35,7,35,8],[36,4,36,5],[36,7,36,8],[37,4,37,5],[37,7,37,8],[38,4,38,5],[38,7,38,8],[39,0,39,9]]}
["单位工程人材机价差表"]
["工程名称:鄂尔多斯市东胜区植物园零星工程",{"$nulls":7},"第1页 共1页"]
["序号","名称","规格型号","单位","数量",null,"预算价","市场价",null,"价差","价差合计"]
[1,"防腐木","2.5cm","m3",11.5635,null,1115.4,2054.87,null,939.47,10863.56]
[2,"镀锌方钢",null,"t",2.75616,null,2316.6,4893.81,null,2577.21,7103.2]
[3,"柴油",null,"kg",105.152701,null,6.39,7.477,null,1.087,114.3]
[4,"柴油",null,"kg",381.567552,null,6.39,7.477,null,1.087,414.76]
[5,"电",null,"kw·h",505.976485,null,0.58,1.06,null,0.48,242.87]
{"$rows_empty":31}
["合计",{"$nulls":9},18738.69]

{"sheet":"蒙-5 未计价主材汇总表","index":7,"n_rows":44,"n_cols":9,"rows_kept":44,"merged":[[0,0,0,8],[1,0,1,1],[1,2,1,5],[1,6,1,8],[2,1,2,2],[2,5,2,6],[3,1,3,2],[3,5,3,6],[4,1,4,2],[4,5,4,6],[5,1,5,2],[5,5,5,6],[6,1,6,2],[6,5,6,6],[7,1,7,2],[7,5,7,6],[8,1,8,2],[8,5,8,6],[9,1,9,2],[9,5,9,6],[10,1,10,2],[10,5,10,6],[11,1,11,2],[11,5,11,6],[12,1,12,2],[12,5,12,6],[13,1,13,2],[13,5,13,6],[14,1,14,2],[14,5,14,6],[15,1,15,2],[15,5,15,6],[16,1,16,2],[16,5,16,6],[17,1,17,2],[17,5,17,6],[18,1,18,2],[18,5,18,6],[19,1,19,2],[19,5,19,6],[20,1,20,2],[20,5,20,6],[21,1,21,2],[21,5,21,6],[22,1,22,2],[22,5,22,6],[23,1,23,2],[23,5,23,6],[24,1,24,2],[24,5,24,6],[25,1,25,2],[25,5,25,6],[26,1,26,2],[26,5,26,6],[27,1,27,2],[27,5,27,6],[28,1,28,2],[28,5,28,6],[29,1,29,2],[29,5,29,6],[30,1,30,2],[30,5,30,6],[31,1,31,2],[31,5,31,6],[32,1,32,2],[32,5,32,6],[33,1,33,2],[33,5,33,6],[34,1,34,2],[34,5,34,6],[35,1,35,2],[35,5,35,6],[36,1,36,2],[36,5,36,6],[37,1,37,2],[37,5,37,6],[38,1,38,2],[38,5,38,6],[39,1,39,2],[39,5,39,6],[40,1,40,2],[40,5,40,6],[41,1,41,2],[41,5,41,6],[42,1,42,2],[42,5,42,6],[43,1,43,2],[43,5,43,6]]}
["未计价主材汇总表"]
["工程名称:鄂尔多斯市东胜区植物园零星工程",{"$nulls":5},"第1页 共1页"]
["序号","材料名称",null,"规格","单位","数量",null,"市场价","市场价合价"]
{"$rows_empty":40}
[null,"合计"]